000 00675nam a2200229 i 4500
003 IT-RoINE
005 20190130051722.0
008 000306s1999 sp | r ||| ||spa d
020 _a8482393413
040 _aSpMaBN
_cSpMaBN IT-RoINE
_dIT-RoINE
100 1 _aSayés, José Antonio,
_d1944-
_92829
245 1 3 _aLa Iglesia de Cristo :
_bcurso de eclesiología /
_cJosé A. Sayés.
260 _aMadrid :
_bPalabra,
_c1999.
300 _a573 p. ;
_c22 cm.
336 _2rdacontent
_atext
337 _2rdamedia
_aunmediated
338 _2rdacarrier
_avolume
490 1 _aPelícano
650 4 _aEclesiología
_93258
830 0 _aPelícano (Palabra)
_93763
942 _cMTS
999 _c28748
_d28748